UEFA Euro 2024 Host Cities and Stadiums - Statistics

General Stats
  • This quiz has been taken 108 times
    94 since last reset
  • The average score is 16 of 20
Answer Stats
Picture Hint Answer % Correct
Germany Berlin
98%
Germany München
98%
Germany Dortmund
93%
Germany Hamburg
93%
Germany Köln
93%
Germany Düsseldorf
89%
Germany Gelsenkirchen
89%
Germany Leipzig
89%
Germany Stuttgart
89%
6 games | Capacity: 70.076 Fußball Arena München
87%
Germany Frankfurt
84%
6 games | Capacity: 74.461 Olympiastadion Berlin
79%
6 games | Capacity: 65.849 BVB Stadion Dortmund
75%
4 games | Capacity: 42.959 Stadion Leipzig
74%
5 games | Capacity: 54.906 Stuttgart Arena
66%
4 games | Capacity: 54.740 Arena AufSchalke
61%
5 games | Capacity: 51.031 Düsseldorf Arena
59%
5 games | Capacity: 52.245 Volksparkstadion
59%
5 games | Capacity: 54.697 Frankfurt Arena
57%
5 games | Capacity: 49.827 Stadion Köln
57%
No matching quizzes found
Score Distribution
Percent of People with Each Score
Percentile by Number Answered
Your Score History
You have not taken this quiz since the last reset